000 00505nam a2200157Ia 4500
008 210716s2016 xx 000 0 und d
020 _a9788126558483
041 _aeng
082 _a658.162 KAPS
100 _aKapil, Sheeba; Kapil, Kanwal N.
245 _aMergers and acquisitions: valuation leveraged buyouts and financing.
_bValuation leveraged buyouts and financing.
250 _a1
260 _aNew Delhi
_bWiley Dreamtech Pvt Ltd
_c2016
300 _axxii,578
650 _aMergers & Acqusitions
999 _c209955
_d209955